| 000 | 00769nam a2200241 i 4500 | ||
|---|---|---|---|
| 001 | bgj | ||
| 100 | 1 | _aJANDA, Kenneth | |
| 245 | 1 | 0 |
_aThe Challenge of Democracy : _bgovernment in America / _cKenneth Janda, Jeffrey M. Berry, Jerry Goldman. |
| 250 | _a2nd edition. | ||
| 260 |
_aBoston : _bHoughton Mifflin, _cc. 1989. |
||
| 300 |
_aXXIII, 738, A-84 : _bill. ; _c26 cm. |
||
| 504 | _aBibliography p. A-36 - A-56. | ||
| 505 | _aIncludes glossary and index. | ||
| 651 | 9 |
_aUnited States _xPolitics and government |
|
| 700 | 1 |
_aBERRY, Jeffrey M. _eco-author |
|
| 700 | 1 |
_aGOLDMAN, Jerry. _eco-author |
|
| 020 | _a0395432928 (hbk) | ||
| 040 | _cBPK | ||
| 041 | 0 | _aeng | |
| 920 | _a0-395-43292-8 (hbk) | ||
| 942 | _cKS | ||
| 008 | s uk f |000 0 eng | ||
| 999 |
_c41254 _d41254 |
||
| 856 |
_uhttp://koha.tu.koszalin.pl/cgi-bin/koha/opac-detail.pl?biblionumber=41254 _yKatalog online BPK |
||